000 00600nam a2200229Ia 4500
003 OSt
005 20220928104238.0
006 a|||||r|||| 00| 0
007 ta
008 220927b |||||||| |||| 00| 0 eng d
024 _a54228
037 _cTextual
040 _aSDCL
_cSDCL
_beng
041 _2eng
_aeng
082 _aR6, L7
100 _aJoshi N V
_9409791
245 0 _aIndian philosophy
_b From the Ontological Point of view .
260 _aNew Delhi
_bSomaiya
_c1977
300 _a274p.
_ccm.
942 _hR6, L7
_cTEXL
_2CC
999 _c725361
_d725361